000 00756nam a2200229 a 4500
001 64732
003 BD-RjUL
005 20211209081337.0
008 170219s1946 ii ||||| |||| 00| 0 ben d
020 _c: Tk. 1.00
035 _a(BD-RjUL)64862
040 _aBD-RjUL
_beng
_cBD-RjUL
041 _aben
082 _223
_a891.447
_bRAM 1946
100 1 _aরহমান, আবদুর
_9176779
245 1 0 _aমানুষের মানচিত্র /
_cআবদুর রহমান
260 _aকলিকাতা :
_bনূর লাইব্রেরী,
_c১৯৪৬
300 _a৬০ পৃ. ;
_c১৭ সেমি.
650 _aবাংলা প্রহসন
_9177643
650 _aBengali Farce
_9191894
942 _2ddc
_cBK
999 _c64732
_d64732